Contrasto alle discriminazioni nei confronti di persone lesbiche, gay, bisessuali, trans e intersessuali : Standard di condotta per le aziende /
Guardat en:
| Format: | Llibre |
|---|---|
| Idioma: | italià |
| Publicat: |
Ginevra :
[s.n.],
2017
|
| Etiquetes: |
Sense etiquetes, Sigues el primer a etiquetar aquest registre!
|
MARC
| LEADER | 00000nam a22000007i 4500 | ||
|---|---|---|---|
| 001 | IT\ICCU\CAM\0245316 | ||
| 003 | ItRI | ||
| 005 | 20250624121848.0 | ||
| 008 | 210408s2017 it |||||| ||||| |||||c | ||
| 040 | |b ita |c GP | ||
| 041 | 7 | |a ita |2 ISO-639-2 | |
| 245 | 0 | 0 | |a Contrasto alle discriminazioni nei confronti di persone lesbiche, gay, bisessuali, trans e intersessuali : |b Standard di condotta per le aziende / |c questo documento è stato realizzato da Salil Tripathi, Charles Radcliffe, Fabrice Houdart. |
| 260 | |a Ginevra : |b [s.n.], |c 2017 |e (Ufficio dell'Alto Commissario per i Diritti Umani) | ||
| 300 | |a 60 p. ; |c 24x16 cm | ||
| 500 | |a La presente costituisce una traduzione di cortesia non ufficiale in lingua italiana del documento in lingua inglese "Standard of Conduct for Business. Tackling Discrimination against Lesbian, Gay, Bi, Trans, & Intersex People". In caso di difformità, i contenuti della versione in inglese prevalgono su quelli della traduzione in italiano. | ||
| 942 | |2 ddc |c BK | ||
| 952 | |0 0 |1 0 |2 ddc |4 0 |6 323_000000000000000_UNA |7 1 |9 1227 |a RM |b RM |d 2024-04-10 |l 0 |o 323 UNA |p 794 |r 2024-04-10 19:11:12 |w 2024-04-10 |y BK | ||
| 952 | |0 0 |1 0 |2 ddc |4 0 |6 323_326400000000000_UNA_CON |7 1 |9 2933 |a GE |b GE |d 2025-01-17 |l 0 |o 323.3264 UNA CON |p 1503 |r 2025-01-17 12:21:23 |w 2025-01-17 |y BK | ||
| 952 | |0 0 |1 0 |2 ddc |4 0 |6 323_326400000000000_UNA_CON |7 1 |9 2934 |a GE |b GE |d 2025-01-17 |l 0 |o 323.3264 UNA CON |p 1502 |r 2025-01-17 12:22:19 |w 2025-01-17 |y BK | ||
| 952 | |0 0 |1 0 |2 ddc |4 0 |6 323_326400000000000_UNA_CON |7 1 |9 2935 |a GE |b GE |d 2025-01-17 |l 0 |o 323.3264 UNA CON |p 1500 |r 2025-01-17 12:22:19 |w 2025-01-17 |y BK | ||
| 981 | 1 | |6 z01 |a i |b xxxe | |
| 982 | 1 | |6 z01 |a n | |
| 999 | |c 1130 |d 1130 | ||